NBA finals MVP(2000-2025) - Statistics

General Stats
  • This quiz has been taken 70 times
  • The average score is 24 of 26
Answer Stats
year players % Correct
2021 Giannis Antetokounmpo
100%
2012 LeBron James
100%
2013 LeBron James
100%
2016 LeBron James
100%
2020 LeBron James
100%
2023 Nikola Jokic
100%
2022 Stephen Curry
100%
2017 Kevin Durant
98%
2018 Kevin Durant
98%
2025 Shai Gilgeous-Alexander
98%
2014 Kawhi Leonard
97%
2019 Kawhi Leonard
97%
2011 Dirk Nowitzki
95%
2009 Kobe Bryant
95%
2010 Kobe Bryant
95%
2006 Dwyane Wade
92%
2024 Jaylen Brown
92%
2015 Andre Iguodala
90%
2000 Shaquille O’Neal
90%
2001 Shaquille O’Neal
90%
2002 Shaquille O’Neal
90%
2003 Tim Duncan
90%
2005 Tim Duncan
90%
2008 Paul Pierce
84%
2007 Tony Parker
84%
2004 Chauncey Billups
77%
No matching quizzes found
Score Distribution
Percent of People with Each Score
Percentile by Number Answered
Your Score History
You have not taken this quiz